| 000 | 00594nam a22001217a 4500 | ||
|---|---|---|---|
| 040 | _cSHN | ||
| 082 | _aSHN CAM 2015 C326 Or. | ||
| 100 | _aវេទិកានៃអង្គការមិនមែនរដ្ឋាភិបាល ស្តីពីកម្ពុជា | ||
| 245 | _aយោបល់លើគម្រោងរោងអគ្គីសនីដើរដោយដុតធ្យូងថ្មនៅស្រុកស្ទឹងហាវ ខេត្តព្រះសីហនុ | ||
| 260 |
_aCambodia _bPhnom Penh _c2015 |
||
| 300 |
_aXXI.69P _bII _c24CM |
||
| 942 | _cAEDBB | ||
| 999 |
_c22250 _d22250 |
||